Pokémon - Les attaques de Élekable - Statistiques

Statistiques générales
  • Ce quiz a été pris 21 fois
  • Le résultat moyen est 10 sur 15
Statistiques - réponses
Niveaux Types Noms des attaques % Correct
Départ Électrique Éclair
100%
Niveau 58 Électrique Fatal-Foudre
100%
Niveau 46 Électrique Tonnerre
100%
Niveau 28 Électrique Poing Éclair
80%
Niveau 20 Électrique Cage Éclair
73%
Départ Électrique Chargeur
73%
Niveau 34 Électrique Coup d'Jus
67%
Départ Normal Groz'Yeux
67%
Niveau 64 Normal Giga Impact
60%
Départ Normal Vive-Attaque
60%
Niveau 40 Combat Balayage
53%
Niveau 52 Psy Mur Lumière
53%
Niveau 12 Normal Météores
47%
Niveau 16 Électrique Onde de Choc
40%
Niveau 24 Normal Grincement
33%
Aucun quiz correspondant
Distribution des résultats
% des personnes avec chaque résultat
Percentile par nombre de réponses
Votre historique - résultats
Vous n’avez pas pris ce quiz